1613 1087 1315 1887 1511 1695 1143 1521 1719 1754 1308 1251 1878 1559 1645 1941 1436 1629 1941 1896 1654 1605 1633 1404 1036 1149 1399 1658 1592 1882 1606 1494 1849 1794 1638 1242 1280 1089 1973 1264 1652 1353 1815 1328 1227 1643 1030 1875 1260 1670 1358 1190 1759 1552 1774 1740 1230 1476 1102 1451 1012 1162 1232 1923 1707 1391 1504 1703 1862 1993 1070 1060 1825 1345 1340 1257 1892 1396 1457 1616 1911 1228 1589 1677 1186 1086 1401 1558 1683 1153 1700 1376 1830 1714 1089 1450 1337 1415 1611 BCNSPRNW ULIB Ver.6.0+V

เปลี่ยนเป็นภาษาไทย

Change to English
 แสดงรายละเอียดบรรณานุกรม
  กลับหน้าหลัก

Brief Record : Get Marc (ISO 2709) : E-mail record : QR code < ปิดหน้าต่าง
LEADER : 00000nam 2200000uu 4500
001    13399110924
003     ULIB
008    110613s||||||||th 000 0 tha d
020    9749183320
050  4 AC158^bส172ด 2004
100    สตีฟ ปาร์เกอร์
245    เด็กๆรู้ไหมทำไมอุโมงค์มีทรงกลม ^cผู้แต่ง สตีฟ ปาร์เกอร์
260    กรุงเทพฯ : ^bโกรเลียร์ อินเตอร์เนชั่นแนล, ^c2004
300    32 หน้า : ^bภาพประกอบสี ; ^c28 ซม.
650  7 ความรู้รอบตัว
650  7 อุโมงค์
945    ^p350^l0^i029016
995    ทศพร
999 ^a ใช้งานได้ทุกระบบ
รายการนี้ยังไม่มีแท็ก
คุณยังไม่ได้ล็อกอิน คุณสามารถมีกิจกรรมร่วมกับเว็บไซต์ได้ แต่ต้องล็อกอินก่อน ::
  ล็อกอิน

รายการสื่อสารสนเทศ

ลำดับที่ ประเภท เลขเรียก/บาร์โค้ด สถานที่ สถานะ
- ไม่พบข้อมูล -

รายการใกล้เคียง
    หัวเรื่อง [ความรู้รอบตัว]

BibComment


ยังไม่เคยถูกคอมเมนท์

คอมเมนท์ทรัพยากรรายการนี้
  คอมเมนท์: เด็กๆรู้ไหมทำไมอุ..


 Copyright 2026. Bcnsprnw @Library